000 00728nam a2200217Ii 4500
003 JO-AjNU
008 230605s9999||||xx |||||||||||||| ||und||
017 _a1997/7/903
040 _aJO-AjNU
_bara
_erda
_cJO-AjNU
041 _aara
050 1 4 _aBP76.8.Z36.1997
100 3 _aالزين،نبيل عبد القادر,
_eauthor
_910752
245 0 0 _aزوجات النبي صلى الله عليه وسلم
250 _aط1
264 3 1 _aعمان:دار اسامة للنشر والتوزيع،1997
300 _a111ص
336 _atext
_btxt
_2rdacontent
337 _aunmediated
_bn
_2rdamedia
338 _avolume
_bnc
_2rdacarrier
650 4 _aالديانات-السيرة النبوية-زوجات الرسول
_910753
999 _aA1967
_c5535
_d5535